| 000 | 00329nam a22001217a 4500 | ||
|---|---|---|---|
| 020 | _a9788126523399 | ||
| 082 |
_222 _a005.117 |
||
| 100 | _aBoggs, Wendy and Boggs, Michael. | ||
| 245 | _aMastering UML with rational rose / | ||
| 260 |
_aNew Delhi, _bJohn Wiley, _cc2010. |
||
| 300 |
_axxxxii, 957p. ; _bill. ; _c23 cm. |
||
| 942 |
_2ddc _cIT |
||
| 999 |
_c561 _d561 |
||